LEADER 00903nam a2200217 i 4500 001 000000236892 003 CaOOAMICUS 005 20141212000000.0 008 141212s1981 it u000 u ita u 013 $a215797 040 $aSeMil$bita 100 1 $aBigi, Emilio,$d<1916-2009>.$0(OLS)http://semarc/name/6374 245 10$aForme e significati nella ĞDivina Commediağ /$cEmilio Bigi. 260 $aBologna :$bCappelli,$ccopyr. 1981. 300 $a141 p. ;$c21x28 cm. 500 $aRiproduzione fotostatica. 650 4$aAlighieri, Dante <1265-1321> . Divina Commedia - Commentari e studi.$0(OLS)http://semarc/subject/2968 850 $aSeMil 852 $aSeMil$W1$xVenegono$y1$m5D XI 15/7$j187238$B187238$CSeMilBibl$Z2$F198101 $81 996 $6245$aForme e significati nella ĞDivina Commediağ$9(OLS)http://semarc/title/337592 996 $6260$aBologna :$bCappelli$9(OLS)http://semarc/publisher/29689 LEADER 01299nam a2200253 i 4500 001 000000193649 003 CaOOAMICUS 005 20250922095936.0 008 101026s1901 it u000 u ita u 013 $a172292 040 $aSeMil$bita 100 1 $aFerrari, Andrea Carlo,$c.$0(OLS)http://semarc/name/8218 245 13$aIl Giubileo. 260 $aMilano :$bTip. arciv. Boniardi-Pogliani di C. Mauri e C.,$c1901. 300 $a31 p. ;$c27 cm. 500 $aRilegato insieme ad altre lettere pastorali nel vol. con segnatura 2F-V-25 FA. 500 $aStemma dell'Arcivescovo A. Ferrari sul front. 650 4$aFerrari, Andrea Carlo - Scritti, discorsi, omelie, lettere pastorali, etc.$0(OLS)http://semarc/subject/37544 773 0 $aFerrari, Andrea Carlo $t[Lettere pastorali] 49-77 (1898-1901).$dMilano : Tip. e libreria arcivivescovile Ditta Boniardi-Pogliani di G. Giovanola e C., 1898-1901.$g71$w()23899 850 $aSeMil 852 $aSeMil$W1$xVenegono$y1$m2F V 25/30 FA$j144223$B144223$CSeMilBibl$Z2$F155661 $8I 996 $6245$aIl Giubileo$9(OLS)http://semarc/title/279201 996 $6260$aMilano :$bTip. arciv. Boniardi-Pogliani di C. Mauri e C.$9(OLS)http://semarc/publisher/50491